Responses for Show #4769 - Thursday, May 5, 2005

2005 Ultimate Tournament of Champions Round 2, game 17.

Contestants

[<< previous game]

Lara Robillard, a policy analyst from Arlington, Virginia

Phil Yellman, a legal assistant from Seattle, Washington

Chuck Forrest, a lawyer from Bosnia and Herzegovina

[next game >>]

Jeopardy! Round responses

YOU'LL RUE THE DAY
THEIR FIRST SOLO HIT
RUSSELLMANIA
BODY PARTS BY PREFIX
1 FOR THE PRICE OF 2
WHAT THE "H" IS IT?
    $200 5
Franklin

Phil
    $200 18
Ricky Martin

Lara
    $200 16
Bill Russell

Chuck
    $200 17
teeth

Chuck
    $200 3
Kissinger

Phil
    $200 1
hurricanes

Phil
    $400 12
shopping

Lara
    $400 19
Sting

Chuck
    $400 20
stars

Phil
    $400 22
skin

Lara
    $400 7
Stan Lee

Lara
    $400 2
a hookah

Chuck
    $600 13
the Sorbonne

Chuck
    $600 25
Peter Gabriel

Lara
    $600 21
Bertrand Russell

Chuck
    $600 30
the feet

Chuck
    $600 8
Verizon

Chuck
    $600 4
Halloween

Chuck
    $800 14
Medici

Lara
    $800 26
Don Henley

Lara
    $800 23
Jehovah's Witnesses

Triple Stumper
    $800 28
the lung

Lara
    $800 9
Aberdeen Angus

Lara
    $800 6
the Home Secretary

Chuck
    $1000 15
(Alex: His best-known work is The Madwoman of [*], hence [*] is the response we're going for.)

Chaillot

Triple Stumper
    $1000 27
Ringo Starr

Phil
    $1000 24
Russell Baker

Chuck
    $700 29
(Lara: Uh, the stomach, or digestive system?)
(Alex: No.)
(Lara: What i--)

the intestine

Lara
    $1000 10
(Chuck: What is insulin?)

glucose

ChuckLara
    $1000 11
the Holy See

Chuck

Scores at the first commercial break (after clue 15):

Chuck Phil Lara
$3,000 $600 $3,400

Scores at the end of the Jeopardy! Round:

Chuck Phil Lara
$6,000 $2,000 $5,500

Double Jeopardy! Round responses

BEFORE HE WAS PRESIDENT...
RONALD REAGAN WAS AN ACTOR
BALLET
"O" BOY!
BOOK TITLES
LETTER PERFECT
(Alex: Each correct response will be a letter of the alphabet.)
    $400 2
Grant

Chuck
    $400 1
Bedtime for Bonzo

Chuck
    $400 26
the Big Apple

Phil
    $400 16
Oswald

Phil
    $400 7
Tortilla

Chuck
    $400 12
M

Chuck
    $800 3
Lyndon B. Johnson

Chuck
    $800 13
Jane Wyman

Phil
    $800 27
Scheherezade

Lara
    $800 23
Conan O'Brien

Phil
    $800 8
Chicken Soup

Lara
    $800 18
K

Phil
    $1200 4
Gerald Ford

Phil
    $1200 14
Custer

Lara
    $1200 28
the Rake

Chuck
    $1200 24
(Lara: Who is Octavian? Or [*]?)

Octavius

Lara
    $1200 9
(Alex: There's a theme here. I hope you've picked up on it.)

Mango

Triple Stumper
    $5,700 19
X

Phil
    $2,500 5
(Andrew) Jackson

Phil
    $1600 15
Hemingway

Chuck
    $1600 29
Coppélia

Lara
    $1600 25
(Clifford) Odets

Chuck
    $1600 10
Cheese

Lara
    $1600 20
W

Phil
    $2000 6
(Phil: Who is Cleveland?)
(Chuck: Who is Arthur?)

Theodore Roosevelt

ChuckPhilLara
    $2000 17
Dark Victory

Lara
    $2000 30
Peter Martins

Lara
    $2000 22
(John) O'Connor

Chuck
    $2000 11
Corn Dog

Lara
    $2000 21
(Alex: And the letter this time, for Tesla, is [*].)

T

Triple Stumper

Scores at the end of the Double Jeopardy! Round:

Chuck Phil Lara
$12,800 $14,200 $20,700

[wagering suggestions for these scores]

Final Jeopardy! Round responses

FEMALE FIRSTS
(Alex: Ms. Lonsdale developed, uh, special X-ray techniques to study crystal structures.)
ChuckWhat is the Royal Academy of Sciences?
$12,800
PhilWhat is the Royal Society?
$14,000
LaraWhat is the Royal Academy of Science?
$7,701
the Royal Society

Final scores:

Chuck Phil Lara
$0 $28,200 $12,999
3rd place: $10,000 + $15,000 as a member of the Nifty Nine Winner: $28,200 + an advance to UToC Round 3 2nd place: $10,000

Game dynamics:

Coryat scores:

Chuck Phil Lara
$12,800 $8,800 $21,400
21 R,
2 W
14 R
(including 2 DDs),
1 W
20 R,
1 W
(including 1 DD)

Combined Coryat: $43,000

[game clues] [game scores] [suggest correction]

Game tape date: 2005-03-30
The J! Archive is created by fans, for fans. Scraping, republication, monetization, and malicious use prohibited; this site may use cookies and collect identifying information. See terms. The Jeopardy! game show and all elements thereof, including but not limited to copyright and trademark thereto, are the property of Jeopardy Productions, Inc. and are protected under law. This website is not affiliated with, sponsored by, or operated by Jeopardy Productions, Inc. Join the discussion at JBoard.tv.